书目信息 |
| 题名: |
道路工程识图
|
|
| 作者: | 赵云华 著 | |
| 分册: | ||
| 出版信息: | 北京 机械工业出版社 2008.7 |
|
| 页数: | 130页 | |
| 开本: | 26cm | |
| 丛书名: | ||
| 单 册: | ||
| 中图分类: | U412.5 | |
| 科图分类: | ||
| 主题词: | 道路工程 | |
| 电子资源: | ||
| ISBN: | 978-7-111-24505-6 | |
| 000 | 00649 nam 000241 | |
| 001 | 0100010992 | |
| 005 | 20120408091549.28 | |
| 010 | @a978-7-111-24505-6@dCNY36.00 | |
| 100 | @a20091028d2003 em y0chiy0121 ea | |
| 101 | @achi | |
| 102 | @aCN@b110000 | |
| 105 | @ay z 000yy | |
| 200 | 10 | @a道路工程识图@9dao lu gong cheng shi tu@f赵云华著@Fzhao yun hua zhu |
| 205 | @a版 | |
| 210 | @a北京@c机械工业出版社@d2008.7 | |
| 215 | @a130页@d26cm | |
| 540 | @a道路工程识图 | |
| 606 | @a道路工程 | |
| 690 | @aU412.5@v4 | |
| 701 | 0 | @a赵云华@9zhao yun hua@4著 |
| 801 | @aCN@bCQULIB@c20020616 | |
| 901 | @a209121 | |
| 905 | @b936572@dU412.5@eZ340@f1 | |
| 道路工程识图/赵云华著.-版.-北京:机械工业出版社,2008.7 |
| 130页;26cm |
| ISBN 978-7-111-24505-6:CNY36.00 |
| ● |
| 相关链接 |
|
|
|
正题名:道路工程识图
索取号:U412.5/Z340
 
预约/预借
| 序号 | 登录号 | 条形码 | 馆藏地/架位号 | 状态 | 备注 |
| 1 | 485865 | 204858653 | 土木与交通工程学院资料室/ [索取号:U412.5/Z340] | 在馆 | |
| 2 | 936572 | 209365729 | 自科库501/501自科库 51排5列5层/ [索取号:U412.5/Z340] | 在馆 |